Statistics for U.S. States with the Lowest Average Elevation

Click here to take the quiz!

General Stats

  • This quiz has been taken 29,274 times
    (29,232 since last reset)
  • The average score is 8 of 11

Answer Stats

ElevationState% Correct
100 ftFlorida
96%
500 ftAlabama
83%
100 ftLouisiana
83%
300 ftMississippi
81%
200 ftRhode Island
78%
60 ftDelaware
72%
350 ftSouth Carolina
72%
350 ftMaryland
68%
500 ftConnecticut
67%
250 ftNew Jersey
65%
500 ftMassachusetts
62%

Score Distribution

Percentile by Number Answered

Percent of People with Each Score

Your Score History

You have not taken this quiz since the last reset